000 00572nam a2200229Ia 4500
003 OSt
005 20221005123412.0
006 a|||||r|||| 00| 0
007 ta
008 221004b |||||||| |||| 00| 0 mal d
024 _a58219
037 _cTextual
040 _aCRL
_cCRL
_bmal
041 _2mal
_amal
082 _aP32x1,3, J7
100 _aPillai Elamkulam kunjan
_9633631
245 0 _aLeelathilakam
260 _c1957
650 _aLINGUISTICS
942 _hP32x1,3, J7
_cTEXL
_2cc
999 _c1047315
_d1047315